000 00599nam a2200229Ia 4500
003 OSt
005 20221005065757.0
006 a|||||r|||| 00| 0
007 ta
008 221004b |||||||| |||| 00| 0 eng d
024 _a97866
037 _cTextual
040 _aCRL
_cCRL
_beng
041 _2eng
_aeng
082 _aW:5, M0
100 _aZivs Samuil
_9604971
245 0 _aHuman rights ; continuing the discussion
260 _aMoscow
_bProgress Publishers
_c1980
650 _aPOLITICAL SCIENCE
942 _hW:5, M0
_cTEXL
_2cc
999 _c975167
_d975167